000 00544cam a2200169 4500
008 020816n2004 000 0 eng u
020 _a184219111X
022 _a1478-4971
035 _a(Sirsi) u119790
110 _aRoyal Institution of Chartered Surveyors
_bPolicy Unit
_94169
245 _aCommercial property investment
260 _aLondon
_bRICS
_c2004
490 _aRICS Leading Edge Series
520 _aNo publication date is available yet for this title.
710 _aRoyal Institution of Chartered Surveyors
_94900
942 _n0
999 _c102395
_d102395